| 000 | 00000nam##2200000za#4500 |
| 001 | 9.678277 |
| 003 | CaOODSP |
| 005 | 20200328185825 |
| 007 | ta |
| 008 | 150407|1991||||xxc||||| f|0| 0 fre|d |
| 020 | |a0-660-93039-0 |
| 040 | |aCaOODSP|bfre |
| 043 | |an-cn--- |
| 086 | 1 |aH46-2/91-151F |
| 110 | 1 |aCanada.|bSanté et Bien-être social Canada. |bDirection de l'hygiène du milieu. |
| 245 | 10|aCode de sécurité 28: Radioprotection en médecine vétérinaire: mesures de sécurité recommandées relativement à l'installation et à l'utilisation d'appareils à rayons X en médecine vétérinaire |
| 260 | |aOttawa - Ontario : |bSanté et Bien-être social Canada. |c1991. |
| 300 | |a40p. : |bréférences, tableaux ; |c22 cm. |
| 520 | 3 |aLe "Code de sécurité 28" vise la protection de toute personne se servant d'équipement de radiographie pour usage vétérinaire. |
| 563 | |aCouverture souple |
| 590 | |a92-17|b1992-04-24 |
| 691 | 07|aMédecine vétérinaire|2gcpds |
| 691 | 07|aMesure de sécurité|2gcpds |
| 775 | 08|tSafety code 28: Radiation protection in veterinary medicine: recommended safety procedures for installation and use of veterinary X-ray equipment |w(CaOODSP)9.644428 |
| 986 | |aDHM-RT-151 |